[Event "Balkan Youth Online-ch 2020"]
[Site "Online"]
[Date "2020.10.31"]
[Round "2.65"]
[White "Christodoulou, Georgia"]
[Black "Criveanu, Maria"]
[Result "1-0"]
[WhiteElo "1373"]
[BlackElo "1054"]
[Annotator "NA RC"]
[PlyCount "103"]
[EventDate "2020.10.31"]
[EventType "swiss"]
[SourceTitle "playchess.com"]
[Source "ChessBase"]
[SourceQuality "1"]
[TimeControl "5400+30"]

1. e4 {[%emt 1:05:20]} e5 {[%emt 1:05:23]} 2. Nf3 {[%emt 0:00:23]} Nc6 {[%emt 0:00:23]} 3. Bb5 {[%emt 0:00:22]} a6 {[%emt 0:00:23]} 4. Ba4 {[%emt 0:00:23]} Nf6 {[%emt 0:00:25]} 5. d3 {[%emt 0:00:24]} b5 {[%emt 0:00:30]} 6. Bb3 {[%emt 0:00:25]} Be7 {[%emt 0:00:32]} 7. O-O {[%emt 0:00:28]} O-O {[%emt 0:00:25]} 8. Re1 {[%emt 0:00:24]} d6 {[%emt 0:00:25]} 9. c3 {[%emt 0:00:21]} Na5 {[%emt 0:00:29]} 10. Bc2 {[%emt 0:00:22]} c5 {[%emt 0:00:25]} 11. Nbd2 {[%emt 0:00:23]} Nc6 {[%emt 0:00:42]} 12. Nf1 {[%emt 0:00:28]} Re8 {[%emt 0:00:27]} 13. h3 {[%emt 0:00:29]} Bf8 {[%emt 0:00:42]} 14. Ng3 {[%emt 0:00:45]} g6 {[%emt 0:00:27]} 15. d4 {[%emt 0:00:40]} exd4 {[%emt 0:02:49]} 16. cxd4 {[%emt 0:00:30]} Bg7 {[%emt 0:01:20]} 17. Be3 {[%emt 0:02:15]} c4 {[%emt 0:01:14]} 18. Bg5 {[%emt 0:01:24]} h6 {[%emt 0:01:30]} 19. Be3 {[%emt 0:00:50]} Bb7 {[%emt 0:02:16]} 20. Qd2 {[%emt 0:01:18]} Na5 {[%emt 0:02:08]} 21. d5 {[%emt 0:00:48]} Nd7 {[%emt 0:01:39]} 22. Rab1 {[%emt 0:01:25]} Rc8 {[%emt 0:00:38]} 23. Bd4 {[%emt 0:02:16]} Bxd4 {[%emt 0:02:56]} 24. Qxd4 {[%emt 0:00:41]} b4 {[%emt 0:01:34]} 25. Qd2 {[%emt 0:01:48]} b3 {[%emt 0:01:03]} 26. axb3 {[%emt 0:01:36]} cxb3 {[%emt 0:00:40]} 27. Bd3 {[%emt 0:00:39]} Kh7 {[%emt 0:00:45]} 28. Qb4 {[%emt 0:00:30]} Nc5 {[%emt 0:01:04]} 29. Qd2 {[%emt 0:01:28]} Nxd3 {[%emt 0:01:16]} 30. Qxd3 {[%emt 0:00:27]} Rc2 {[%emt 0:00:34]} 31. Nd4 {[%emt 0:02:01]} Qc7 {[%emt 0:01:56]} 32. Nxc2 {[%emt 0:00:51]} bxc2 {[%emt 0:00:53]} 33. Rbc1 {[%emt 0:00:33]} Rc8 {[%emt 0:00:37]} 34. Re2 {[%emt 0:01:03]} Qb6 {[%emt 0:01:07]} 35. Rexc2 {[%emt 0:01:02]} Nb3 {[%emt 0:02:22]} 36. Rxc8 {[%emt 0:00:45]} Nc5 {[%emt 0:01:34]} 37. R8xc5 {[%emt 0:00:47]} dxc5 {[%emt 0:00:28]} 38. Qc3 {[%emt 0:00:27]} Qd8 {[%emt 0:00:38]} 39. Qxc5 {[%emt 0:00:28]} a5 {[%emt 0:00:45]} 40. Qc7 {[%emt 0:00:25]} Qxc7 {[%emt 0:00:23]} 41. Rxc7 {[%emt 0:00:22]} Ba6 {[%emt 0:00:24]} 42. Rxf7+ {[%emt 0:00:22]} Kg8 {[%emt 0:00:23]} 43. Ra7 {[%emt 0:00:22]} Bb5 {[%emt 0:00:25]} 44. Rxa5 {[%emt 0:00:22]} Bd7 {[%emt 0:00:24]} 45. d6 {[%emt 0:00:21]} Kf7 {[%emt 0:00:23]} 46. Ra7 {[%emt 0:00:23]} Ke6 {[%emt 0:00:24]} 47. e5 {[%emt 0:00:21]} g5 {[%emt 0:00:27]} 48. b4 {[%emt 0:00:22]} h5 {[%emt 0:00:26]} 49. Nf1 {[%emt 0:00:22]} g4 {[%emt 0:00:26]} 50. Ne3 {[%emt 0:00:21]} g3 {[%emt 0:00:27]} 51. b5 {[%emt 0:00:23]} Bxb5 {[%emt 0:00:24]} 52. Re7# {[%emt 0:00:22]} 1-0

[Event "Balkan Youth Online-ch 2020"]
[Site "Online"]
[Date "2020.10.31"]
[Round "2.68"]
[White "Omeri, Eklea"]
[Black "Rasheva, Nora"]
[Result "0-1"]
[WhiteElo "1070"]
[BlackElo "1588"]
[Annotator "NA RC"]
[PlyCount "68"]
[EventDate "2020.10.31"]
[EventType "swiss"]
[SourceTitle "playchess.com"]
[Source "ChessBase"]
[SourceQuality "1"]
[TimeControl "5400+30"]

1. d4 {[%emt 1:05:20]} Nf6 {[%emt 1:05:26]} 2. Nf3 {[%emt 0:00:24]} g6 {[%emt 0:00:21]} 3. c4 {[%emt 0:00:24]} Bg7 {[%emt 0:00:22]} 4. Nc3 {[%emt 0:00:22]} d5 {[%emt 0:00:22]} 5. Bg5 {[%emt 0:00:33]} Ne4 {[%emt 0:00:24]} 6. cxd5 {[%emt 0:01:07]} Nxg5 {[%emt 0:00:26]} 7. Nxg5 {[%emt 0:00:27]} e6 {[%emt 0:00:24]} 8. Nf3 {[%emt 0:00:32]} exd5 {[%emt 0:00:22]} 9. e3 {[%emt 0:00:26]} a5 {[%emt 0:00:26]} 10. Bd3 {[%emt 0:00:32]} O-O {[%emt 0:00:23]} 11. O-O {[%emt 0:00:24]} c6 {[%emt 0:00:26]} 12. h3 {[%emt 0:00:31]} Re8 {[%emt 0:00:22]} 13. Re1 {[%emt 0:00:31]} f5 {[%emt 0:00:41]} 14. Bc2 {[%emt 0:00:45]} Nd7 {[%emt 0:00:30]} 15. a4 {[%emt 0:01:05]} Bf8 {[%emt 0:00:32]} 16. Bd3 {[%emt 0:01:56]} Bd6 {[%emt 0:00:32]} 17. Qc2 {[%emt 0:00:59]} Nf6 {[%emt 0:00:32]} 18. Qd1 {[%emt 0:02:06]} Ne4 {[%emt 0:00:34]} 19. Rf1 {[%emt 0:02:06]} g5 {[%emt 0:00:38]} 20. Bxe4 {[%emt 0:00:50]} fxe4 {[%emt 0:00:26]} 21. Nh2 {[%emt 0:01:02]} Rf8 {[%emt 0:01:22]} 22. Ng4 {[%emt 0:00:52]} Qe8 {[%emt 0:00:57]} 23. Re1 {[%emt 0:01:48]} h5 {[%emt 0:01:29]} 24. Nh2 {[%emt 0:00:36]} Qg6 {[%emt 0:01:39]} 25. Qe2 {[%emt 0:01:12]} g4 {[%emt 0:01:07]} 26. hxg4 {[%emt 0:00:50]} hxg4 {[%emt 0:00:26]} 27. g3 {[%emt 0:00:42]} Rf7 {[%emt 0:01:01]} 28. Kg2 {[%emt 0:00:39]} Bd7 {[%emt 0:01:46]} 29. Rh1 {[%emt 0:00:52]} Raf8 {[%emt 0:00:29]} 30. Raf1 {[%emt 0:00:36]} Qh5 {[%emt 0:02:08]} 31. Nd1 {[%emt 0:01:53]} Qh3+ {[%emt 0:02:09]} 32. Kg1 {[%emt 0:00:25]} Rh7 {[%emt 0:01:00]} 33. Re1 {[%emt 0:01:14]} Bxg3 {[%emt 0:00:41]} 34. fxg3 {[%emt 0:02:48]} Qxg3+ {[%emt 0:00:25]} 0-1

[Event "Balkan Youth Online-ch 2020"]
[Site "Online"]
[Date "2020.10.31"]
[Round "2.69"]
[White "Arshinkova, Boryana"]
[Black "Vaupot, Eliza"]
[Result "1-0"]
[WhiteElo "1329"]
[BlackElo "1198"]
[Annotator "NA RC"]
[PlyCount "111"]
[EventDate "2020.10.31"]
[EventType "swiss"]
[SourceTitle "playchess.com"]
[Source "ChessBase"]
[SourceQuality "1"]
[TimeControl "5400+30"]

1. e4 {[%emt 1:05:20]} c5 {[%emt 1:05:23]} 2. Nf3 {[%emt 0:00:23]} e6 {[%emt 0:00:26]} 3. d4 {[%emt 0:00:22]} cxd4 {[%emt 0:00:27]} 4. Nxd4 {[%emt 0:00:22]} Qc7 {[%emt 0:00:28]} 5. Nb5 {[%emt 0:00:28]} Qa5+ {[%emt 0:00:27]} 6. Bd2 {[%emt 0:00:28]} Qb6 {[%emt 0:00:49]} 7. Be3 {[%emt 0:00:36]} Qd8 {[%emt 0:01:36]} 8. Bf4 {[%emt 0:00:42]} a6 {[%emt 0:00:37]} 9. Nc7+ {[%emt 0:00:24]} Ke7 {[%emt 0:01:11]} 10. Bd6+ {[%emt 0:00:25]} Kf6 {[%emt 0:00:26]} 11. Qf3+ {[%emt 0:00:23]} Kg6 {[%emt 0:00:32]} 12. Qg4+ {[%emt 0:00:34]} Qg5 {[%emt 0:00:26]} 13. Qxg5+ {[%emt 0:00:27]} Kxg5 {[%emt 0:00:24]} 14. Bxf8 {[%emt 0:00:24]} Ra7 {[%emt 0:00:31]} 15. Bc5 {[%emt 0:00:28]} b6 {[%emt 0:00:26]} 16. Bxb6 {[%emt 0:00:22]} Rb7 {[%emt 0:00:23]} 17. Be3+ {[%emt 0:00:26]} Kg6 {[%emt 0:00:30]} 18. Nxa6 {[%emt 0:00:30]} Rxb2 {[%emt 0:00:59]} 19. Nxb8 {[%emt 0:00:30]} Rxb8 {[%emt 0:00:24]} 20. a4 {[%emt 0:00:22]} Ra8 {[%emt 0:00:39]} 21. a5 {[%emt 0:00:24]} Ba6 {[%emt 0:00:44]} 22. Bxa6 {[%emt 0:00:24]} Rxa6 {[%emt 0:00:26]} 23. Nc3 {[%emt 0:00:22]} Ne7 {[%emt 0:00:42]} 24. O-O {[%emt 0:00:27]} Rha8 {[%emt 0:00:26]} 25. Bb6 {[%emt 0:00:25]} Nc8 {[%emt 0:01:25]} 26. Na4 {[%emt 0:00:25]} Nxb6 {[%emt 0:00:56]} 27. Nxb6 {[%emt 0:00:24]} R8a7 {[%emt 0:00:25]} 28. Nc4 {[%emt 0:00:26]} Kf6 {[%emt 0:00:32]} 29. Rfb1 {[%emt 0:00:24]} Ke7 {[%emt 0:00:36]} 30. Rb6 {[%emt 0:00:26]} Rxb6 {[%emt 0:00:26]} 31. Nxb6 {[%emt 0:00:26]} Ra6 {[%emt 0:00:25]} 32. c4 {[%emt 0:00:30]} Kd8 {[%emt 0:00:25]} 33. c5 {[%emt 0:00:23]} Kc7 {[%emt 0:00:22]} 34. Nc4 {[%emt 0:00:45]} Kc6 {[%emt 0:00:27]} 35. Nb6 {[%emt 0:00:26]} Ra7 {[%emt 0:00:38]} 36. Rd1 {[%emt 0:00:33]} Rxa5 {[%emt 0:01:16]} 37. Nxd7 {[%emt 0:00:23]} h6 {[%emt 0:00:37]} 38. Rd6+ {[%emt 0:00:56]} Kc7 {[%emt 0:00:40]} 39. h3 {[%emt 0:00:25]} Rxc5 {[%emt 0:00:50]} 40. Nxc5 {[%emt 0:00:27]} Kxd6 {[%emt 0:00:25]} 41. Nd3 {[%emt 0:00:22]} e5 {[%emt 0:00:29]} 42. f3 {[%emt 0:00:23]} Ke6 {[%emt 0:00:32]} 43. Kf2 {[%emt 0:00:23]} f6 {[%emt 0:00:38]} 44. Kg3 {[%emt 0:00:26]} g5 {[%emt 0:00:38]} 45. Kg4 {[%emt 0:00:22]} Kf7 {[%emt 0:00:45]} 46. Kf5 {[%emt 0:00:25]} Kg7 {[%emt 0:00:24]} 47. Ke6 {[%emt 0:00:30]} Kg6 {[%emt 0:00:24]} 48. Nc5 {[%emt 0:00:23]} h5 {[%emt 0:00:49]} 49. Nd7 {[%emt 0:00:24]} g4 {[%emt 0:00:22]} 50. hxg4 {[%emt 0:00:32]} hxg4 {[%emt 0:00:23]} 51. Nxf6 {[%emt 0:00:25]} Kg5 {[%emt 0:00:23]} 52. Nxg4 {[%emt 0:00:23]} Kf4 {[%emt 0:00:22]} 53. Nxe5 {[%emt 0:00:23]} Kg5 {[%emt 0:00:28]} 54. Nc6 {[%emt 0:00:25]} Kf4 {[%emt 0:00:26]} 55. Kd7 {[%emt 0:00:23]} Kg5 {[%emt 0:00:42]} 56. e5 {[%emt 0:00:24]} 1-0

[Event "Balkan Youth Online-ch 2020"]
[Site "Online"]
[Date "2020.10.31"]
[Round "2.71"]
[White "Davitkova, Jovana"]
[Black "Baklova, Mila"]
[Result "1/2-1/2"]
[WhiteElo "1227"]
[BlackElo "1226"]
[Annotator "NA RC"]
[PlyCount "45"]
[EventDate "2020.10.31"]
[EventType "swiss"]
[SourceTitle "playchess.com"]
[Source "ChessBase"]
[SourceQuality "1"]
[TimeControl "5400+30"]

1. e4 {[%emt 1:05:20]} e5 {[%emt 1:05:22]} 2. Nf3 {[%emt 0:00:28]} Nc6 {[%emt 0:00:23]} 3. Bb5 {[%emt 0:00:28]} a6 {[%emt 0:00:23]} 4. Bxc6 {[%emt 0:00:28]} dxc6 {[%emt 0:00:23]} 5. d4 {[%emt 0:00:27]} Bg4 {[%emt 0:01:01]} 6. Be3 {[%emt 0:02:30]} Bxf3 {[%emt 0:01:44]} 7. gxf3 {[%emt 0:00:25]} exd4 {[%emt 0:00:38]} 8. Qxd4 {[%emt 0:00:27]} Qd6 {[%emt 0:00:58]} 9. Nc3 {[%emt 0:00:45]} O-O-O {[%emt 0:00:56]} 10. O-O-O {[%emt 0:00:28]} c5 {[%emt 0:01:35]} 11. Qd2 {[%emt 0:00:48]} Be7 {[%emt 0:00:52]} 12. Qe2 {[%emt 0:00:47]} Qb6 {[%emt 0:00:57]} 13. Nd5 {[%emt 0:01:14]} Qe6 {[%emt 0:00:48]} 14. Nxe7+ {[%emt 0:01:10]} Nxe7 {[%emt 0:00:40]} 15. a3 {[%emt 0:01:21]} Qa2 {[%emt 0:00:25]} 16. c3 {[%emt 0:01:03]} Nc6 {[%emt 0:01:11]} 17. Bxc5 {[%emt 0:02:42]} Na5 {[%emt 0:00:37]} 18. Be3 {[%emt 0:01:03]} b5 {[%emt 0:01:44]} 19. f4 {[%emt 0:01:24]} Nc4 {[%emt 0:01:22]} 20. Qc2 {[%emt 0:00:36]} Na5 {[%emt 0:01:30]} 21. Qe2 {[%emt 0:01:01]} Nc4 {[%emt 0:01:29]} 22. Qc2 {[%emt 0:00:34]} Na5 {[%emt 0:01:13]} 23. Qe2 {[%emt 0:00:27]} 1/2-1/2

[Event "Balkan Youth Online-ch 2020"]
[Site "Online"]
[Date "2020.10.31"]
[Round "2.72"]
[White "Spiridon, Anisia"]
[Black "Mosurovic, Milena"]
[Result "1/2-1/2"]
[WhiteElo "1551"]
[BlackElo "1428"]
[Annotator "NA RC"]
[PlyCount "93"]
[EventDate "2020.10.31"]
[EventType "swiss"]
[SourceTitle "playchess.com"]
[Source "ChessBase"]
[SourceQuality "1"]
[TimeControl "5400+30"]

1. d4 {[%emt 1:05:20]} d5 {[%emt 1:05:23]} 2. c4 {[%emt 0:00:23]} e6 {[%emt 0:00:21]} 3. Nc3 {[%emt 0:00:22]} Nf6 {[%emt 0:00:23]} 4. cxd5 {[%emt 0:00:22]} exd5 {[%emt 0:00:23]} 5. Bg5 {[%emt 0:00:21]} Nbd7 {[%emt 0:00:31]} 6. e3 {[%emt 0:00:25]} Be7 {[%emt 0:00:23]} 7. Bd3 {[%emt 0:00:34]} O-O {[%emt 0:00:26]} 8. Nge2 {[%emt 0:00:25]} Re8 {[%emt 0:00:23]} 9. O-O {[%emt 0:00:38]} h6 {[%emt 0:00:38]} 10. Bh4 {[%emt 0:00:22]} b6 {[%emt 0:00:30]} 11. Qc2 {[%emt 0:01:04]} Bb7 {[%emt 0:00:36]} 12. f3 {[%emt 0:00:43]} c5 {[%emt 0:00:29]} 13. Bf2 {[%emt 0:00:58]} Rc8 {[%emt 0:00:31]} 14. Rae1 {[%emt 0:01:08]} a6 {[%emt 0:02:05]} 15. Bf5 {[%emt 0:02:32]} Bd6 {[%emt 0:02:10]} 16. Ng3 {[%emt 0:02:45]} Qc7 {[%emt 0:01:03]} 17. Qb1 {[%emt 0:03:07]} Re7 {[%emt 0:02:14]} 18. Re2 {[%emt 0:03:39]} Rce8 {[%emt 0:00:40]} 19. Rfe1 {[%emt 0:00:22]} b5 {[%emt 0:01:50]} 20. dxc5 {[%emt 0:00:48]} Bxc5 {[%emt 0:00:29]} 21. Qd1 {[%emt 0:01:24]} Ne5 {[%emt 0:04:35]} 22. e4 {[%emt 0:04:43]} Bxf2+ {[%emt 0:01:10]} 23. Rxf2 {[%emt 0:00:40]} Qc4 {[%emt 0:02:33]} 24. exd5 {[%emt 0:02:14]} Nxd5 {[%emt 0:00:37]} 25. Nxd5 {[%emt 0:01:31]} Bxd5 {[%emt 0:00:40]} 26. b3 {[%emt 0:01:54]} Qc5 {[%emt 0:01:41]} 27. Ne4 {[%emt 0:02:42]} Bxe4 {[%emt 0:01:14]} 28. Bxe4 {[%emt 0:00:26]} f5 {[%emt 0:02:05]} 29. Qd5+ {[%emt 0:01:31]} Qxd5 {[%emt 0:00:31]} 30. Bxd5+ {[%emt 0:00:22]} Kf8 {[%emt 0:00:28]} 31. Rfe2 {[%emt 0:00:23]} Nd3 {[%emt 0:01:26]} 32. Rxe7 {[%emt 0:00:26]} Rxe7 {[%emt 0:00:22]} 33. Rxe7 {[%emt 0:00:22]} Kxe7 {[%emt 0:00:22]} 34. Bb7 {[%emt 0:00:27]} Nb4 {[%emt 0:00:34]} 35. a3 {[%emt 0:00:26]} Nc2 {[%emt 0:00:24]} 36. Bxa6 {[%emt 0:01:25]} Nxa3 {[%emt 0:00:24]} 37. Kf2 {[%emt 0:00:21]} Kd6 {[%emt 0:00:25]} 38. Ke2 {[%emt 0:00:38]} b4 {[%emt 0:00:49]} 39. Kd3 {[%emt 0:00:27]} Ke5 {[%emt 0:01:05]} 40. g3 {[%emt 0:00:28]} g5 {[%emt 0:00:25]} 41. Bc4 {[%emt 0:00:44]} Nb1 {[%emt 0:00:32]} 42. Ba6 {[%emt 0:00:30]} Nc3 {[%emt 0:00:37]} 43. Kc4 {[%emt 0:00:24]} Na2 {[%emt 0:00:36]} 44. Bb7 {[%emt 0:00:35]} h5 {[%emt 0:02:30]} 45. Ba8 {[%emt 0:00:29]} h4 {[%emt 0:01:09]} 46. Bb7 {[%emt 0:00:32]} hxg3 {[%emt 0:01:36]} 47. hxg3 {[%emt 0:00:23]} 1/2-1/2

[Event "Balkan Youth Online-ch 2020"]
[Site "Online"]
[Date "2020.10.31"]
[Round "2.73"]
[White "Mihelic, Vesna"]
[Black "Jovanovic, Anja"]
[Result "1/2-1/2"]
[WhiteElo "1872"]
[BlackElo "1778"]
[Annotator "NA RC"]
[PlyCount "70"]
[EventDate "2020.10.31"]
[EventType "swiss"]
[SourceTitle "playchess.com"]
[Source "ChessBase"]
[SourceQuality "1"]
[TimeControl "5400+30"]

1. e4 {[%emt 1:05:20]} e5 {[%emt 1:05:23]} 2. Nf3 {[%emt 0:00:23]} Nc6 {[%emt 0:00:22]} 3. Bc4 {[%emt 0:00:22]} Bc5 {[%emt 0:00:22]} 4. d3 {[%emt 0:00:25]} Nf6 {[%emt 0:00:27]} 5. Nc3 {[%emt 0:00:30]} d6 {[%emt 0:00:31]} 6. Be3 {[%emt 0:00:24]} Bb6 {[%emt 0:00:23]} 7. Nd5 {[%emt 0:00:22]} h6 {[%emt 0:00:29]} 8. c3 {[%emt 0:00:29]} O-O {[%emt 0:00:32]} 9. Nxb6 {[%emt 0:00:30]} axb6 {[%emt 0:00:23]} 10. h3 {[%emt 0:00:24]} Be6 {[%emt 0:00:48]} 11. Bb3 {[%emt 0:00:23]} d5 {[%emt 0:00:41]} 12. exd5 {[%emt 0:00:26]} Bxd5 {[%emt 0:00:41]} 13. Bxd5 {[%emt 0:00:28]} Qxd5 {[%emt 0:00:44]} 14. c4 {[%emt 0:00:42]} Qe6 {[%emt 0:00:58]} 15. O-O {[%emt 0:00:30]} Rad8 {[%emt 0:00:39]} 16. Qe2 {[%emt 0:00:38]} Rfe8 {[%emt 0:00:36]} 17. Rad1 {[%emt 0:00:55]} Rd6 {[%emt 0:01:53]} 18. Rfe1 {[%emt 0:02:24]} e4 {[%emt 0:03:15]} 19. dxe4 {[%emt 0:01:15]} Rxd1 {[%emt 0:00:27]} 20. Rxd1 {[%emt 0:00:36]} Qxe4 {[%emt 0:00:38]} 21. b3 {[%emt 0:01:24]} Qf5 {[%emt 0:04:29]} 22. Nd4 {[%emt 0:01:58]} Nxd4 {[%emt 0:00:31]} 23. Rxd4 {[%emt 0:00:25]} Qe5 {[%emt 0:01:44]} 24. Qf3 {[%emt 0:00:54]} Ne4 {[%emt 0:01:19]} 25. Qg4 {[%emt 0:03:29]} c5 {[%emt 0:02:42]} 26. Rd1 {[%emt 0:02:11]} Nf6 {[%emt 0:03:11]} 27. Qf3 {[%emt 0:00:44]} Re7 {[%emt 0:01:41]} 28. Rd8+ {[%emt 0:05:05]} Kh7 {[%emt 0:00:24]} 29. Qd1 {[%emt 0:00:43]} Ne4 {[%emt 0:02:27]} 30. Rd5 {[%emt 0:02:20]} Qf6 {[%emt 0:00:42]} 31. Qd3 {[%emt 0:00:38]} g6 {[%emt 0:01:39]} 32. a4 {[%emt 0:00:58]} Qa1+ {[%emt 0:01:14]} 33. Kh2 {[%emt 0:00:38]} Qf6 {[%emt 0:01:07]} 34. Kg1 {[%emt 0:01:23]} Qa1+ {[%emt 0:00:25]} 35. Qd1 {[%emt 0:01:30]} Qf6 {[%emt 0:00:54]} 1/2-1/2

[Event "Balkan Youth Online-ch 2020"]
[Site "Online"]
[Date "2020.10.31"]
[Round "2.74"]
[White "Tsakona, Maria"]
[Black "Ciftci, Zeynep"]
[Result "0-1"]
[WhiteElo "1596"]
[BlackElo "1603"]
[Annotator "NA RC"]
[PlyCount "66"]
[EventDate "2020.10.31"]
[EventType "swiss"]
[SourceTitle "playchess.com"]
[Source "ChessBase"]
[SourceQuality "1"]
[TimeControl "5400+30"]

1. Nf3 {[%emt 1:05:20]} g6 {[%emt 1:05:24]} 2. c4 {[%emt 0:00:32]} Bg7 {[%emt 0:00:26]} 3. Nc3 {[%emt 0:00:29]} c5 {[%emt 0:00:22]} 4. g3 {[%emt 0:00:24]} Nc6 {[%emt 0:00:23]} 5. Bg2 {[%emt 0:00:22]} e5 {[%emt 0:00:21]} 6. d3 {[%emt 0:00:25]} Nge7 {[%emt 0:00:21]} 7. O-O {[%emt 0:00:25]} O-O {[%emt 0:00:22]} 8. Ng5 {[%emt 0:03:00]} h6 {[%emt 0:00:36]} 9. Nge4 {[%emt 0:00:25]} d6 {[%emt 0:00:24]} 10. f4 {[%emt 0:00:46]} f5 {[%emt 0:00:26]} 11. Nf2 {[%emt 0:00:36]} Rb8 {[%emt 0:01:04]} 12. fxe5 {[%emt 0:01:45]} dxe5 {[%emt 0:00:56]} 13. Be3 {[%emt 0:01:52]} Nd4 {[%emt 0:00:42]} 14. Qd2 {[%emt 0:00:24]} g5 {[%emt 0:01:17]} 15. Nfd1 {[%emt 0:01:00]} f4 {[%emt 0:02:13]} 16. Bxd4 {[%emt 0:02:07]} cxd4 {[%emt 0:04:16]} 17. Nd5 {[%emt 0:01:17]} Nf5 {[%emt 0:00:43]} 18. gxf4 {[%emt 0:01:13]} gxf4 {[%emt 0:01:26]} 19. Kh1 {[%emt 0:01:01]} Qh4 {[%emt 0:01:57]} 20. Kg1 {[%emt 0:01:13]} Bd7 {[%emt 0:07:44]} 21. Nf2 {[%emt 0:03:57]} Ne3 {[%emt 0:01:12]} 22. Ne4 {[%emt 0:02:11]} Nxf1 {[%emt 0:04:35]} 23. Rxf1 {[%emt 0:00:27]} Bc6 {[%emt 0:00:23]} 24. Nb4 {[%emt 0:01:20]} Bd7 {[%emt 0:00:34]} 25. Kh1 {[%emt 0:02:39]} Kh8 {[%emt 0:01:11]} 26. Rg1 {[%emt 0:00:39]} Rf5 {[%emt 0:00:55]} 27. Bf3 {[%emt 0:00:33]} Rg8 {[%emt 0:01:32]} 28. Bg4 {[%emt 0:02:47]} Rg5 {[%emt 0:00:41]} 29. Bxd7 {[%emt 0:03:22]} Rxg1+ {[%emt 0:00:28]} 30. Kxg1 {[%emt 0:00:22]} Bf8+ {[%emt 0:00:57]} 31. Kh1 {[%emt 0:00:23]} Qe7 {[%emt 0:00:22]} 32. Nd5 {[%emt 0:00:42]} Qg7 {[%emt 0:00:29]} 33. Ng3 {[%emt 0:00:48]} fxg3 {[%emt 0:00:24]} 0-1

[Event "Balkan Youth Online-ch 2020"]
[Site "Online"]
[Date "2020.10.31"]
[Round "2.75"]
[White "Kipik, Feyza"]
[Black "Paroglou, Marianna"]
[Result "1/2-1/2"]
[WhiteElo "1592"]
[BlackElo "1436"]
[Annotator "NA RC"]
[PlyCount "116"]
[EventDate "2020.10.31"]
[EventType "swiss"]
[SourceTitle "playchess.com"]
[Source "ChessBase"]
[SourceQuality "1"]
[TimeControl "5400+30"]

1. e4 {[%emt 1:05:20]} e6 {[%emt 1:05:24]} 2. d4 {[%emt 0:00:24]} d5 {[%emt 0:00:23]} 3. Nc3 {[%emt 0:00:22]} Bb4 {[%emt 0:00:23]} 4. exd5 {[%emt 0:00:24]} exd5 {[%emt 0:00:26]} 5. Bd3 {[%emt 0:00:22]} Ne7 {[%emt 0:01:28]} 6. Nge2 {[%emt 0:00:25]} c5 {[%emt 0:01:36]} 7. Bb5+ {[%emt 0:04:30]} Nbc6 {[%emt 0:02:03]} 8. dxc5 {[%emt 0:03:56]} Bxc5 {[%emt 0:00:56]} 9. Bxc6+ {[%emt 0:00:54]} bxc6 {[%emt 0:00:33]} 10. Nd4 {[%emt 0:00:54]} Ba6 {[%emt 0:01:41]} 11. Nce2 {[%emt 0:03:40]} O-O {[%emt 0:00:56]} 12. Be3 {[%emt 0:02:17]} Qb6 {[%emt 0:03:43]} 13. Rb1 {[%emt 0:03:01]} Bxe2 {[%emt 0:03:51]} 14. Kxe2 {[%emt 0:01:52]} Bxd4 {[%emt 0:07:39]} 15. Qxd4 {[%emt 0:00:54]} Qxd4 {[%emt 0:00:43]} 16. Bxd4 {[%emt 0:00:24]} Nf5 {[%emt 0:01:29]} 17. Bc5 {[%emt 0:00:31]} Rfe8+ {[%emt 0:02:44]} 18. Kd3 {[%emt 0:00:55]} a6 {[%emt 0:01:23]} 19. Rhe1 {[%emt 0:00:47]} Re6 {[%emt 0:00:41]} 20. Rxe6 {[%emt 0:01:34]} fxe6 {[%emt 0:00:24]} 21. Re1 {[%emt 0:00:30]} Kf7 {[%emt 0:00:26]} 22. g4 {[%emt 0:02:54]} Ne7 {[%emt 0:01:15]} 23. Kd4 {[%emt 0:01:09]} Ng6 {[%emt 0:00:39]} 24. Bd6 {[%emt 0:00:39]} Rd8 {[%emt 0:00:57]} 25. Kc5 {[%emt 0:00:28]} Nf8 {[%emt 0:00:30]} 26. Bxf8 {[%emt 0:01:29]} Rxf8 {[%emt 0:00:25]} 27. Kd6 {[%emt 0:00:52]} Rd8+ {[%emt 0:00:37]} 28. Kc7 {[%emt 0:00:47]} Re8 {[%emt 0:00:26]} 29. c3 {[%emt 0:00:29]} a5 {[%emt 0:00:37]} 30. Kxc6 {[%emt 0:00:43]} Rb8 {[%emt 0:00:28]} 31. Re2 {[%emt 0:00:40]} Ke7 {[%emt 0:00:27]} 32. Kc5 {[%emt 0:01:00]} Kd7 {[%emt 0:00:32]} 33. b3 {[%emt 0:00:52]} g6 {[%emt 0:00:33]} 34. Re3 {[%emt 0:00:33]} h5 {[%emt 0:00:27]} 35. gxh5 {[%emt 0:00:26]} gxh5 {[%emt 0:00:24]} 36. Re5 {[%emt 0:00:37]} h4 {[%emt 0:00:36]} 37. Rh5 {[%emt 0:00:29]} Rc8+ {[%emt 0:00:26]} 38. Kd4 {[%emt 0:00:32]} Kd6 {[%emt 0:00:25]} 39. Rxh4 {[%emt 0:00:28]} e5+ {[%emt 0:00:22]} 40. Kd3 {[%emt 0:00:31]} Rf8 {[%emt 0:00:32]} 41. Ke3 {[%emt 0:00:31]} Kc5 {[%emt 0:00:26]} 42. Rh5 {[%emt 0:00:35]} Re8 {[%emt 0:00:32]} 43. h4 {[%emt 0:00:26]} a4 {[%emt 0:00:34]} 44. Rg5 {[%emt 0:00:36]} axb3 {[%emt 0:00:38]} 45. axb3 {[%emt 0:00:22]} Rb8 {[%emt 0:00:27]} 46. Rxe5 {[%emt 0:00:33]} Rxb3 {[%emt 0:00:23]} 47. Kd3 {[%emt 0:00:23]} Rb1 {[%emt 0:00:33]} 48. h5 {[%emt 0:00:38]} Rh1 {[%emt 0:00:41]} 49. c4 {[%emt 0:00:35]} Rh3+ {[%emt 0:00:28]} 50. Kd2 {[%emt 0:00:30]} Kxc4 {[%emt 0:00:30]} 51. Rf5 {[%emt 0:00:27]} Kd4 {[%emt 0:00:36]} 52. Rf8 {[%emt 0:00:32]} Rxh5 {[%emt 0:00:24]} 53. Rf4+ {[%emt 0:00:29]} Ke5 {[%emt 0:00:29]} 54. Rg4 {[%emt 0:00:26]} Rh2 {[%emt 0:00:28]} 55. Ke3 {[%emt 0:00:25]} Rh3+ {[%emt 0:00:34]} 56. f3 {[%emt 0:00:28]} d4+ {[%emt 0:00:37]} 57. Rxd4 {[%emt 0:00:42]} Rxf3+ {[%emt 0:00:24]} 58. Kxf3 {[%emt 0:00:22]} Kxd4 {[%emt 0:00:22]} 1/2-1/2